<?xml version="1.0" encoding="UTF-8"?>
<collection xmlns="http://www.loc.gov/MARC21/slim">
 <record>
  <leader>01030naa a2200385 a 4500</leader>
  <controlfield tag="001">000028362</controlfield>
  <controlfield tag="003">SVKKK</controlfield>
  <controlfield tag="005">00000000000000.0</controlfield>
  <controlfield tag="008">      c1991    xo     e            sloo </controlfield>
  <datafield tag="FMT" ind1=" " ind2=" "/>
  <datafield tag="020" ind1=" " ind2=" ">
   <subfield code="a">80-217-0376-8</subfield>
  </datafield>
  <datafield tag="038" ind1=" " ind2=" ">
   <subfield code="a">SVKKK</subfield>
  </datafield>
  <datafield tag="040" ind1=" " ind2=" ">
   <subfield code="a">SVKKK</subfield>
   <subfield code="b">slo</subfield>
   <subfield code="e">AACR2</subfield>
  </datafield>
  <datafield tag="041" ind1="0" ind2=" ">
   <subfield code="a">slo</subfield>
   <subfield code="b">eng</subfield>
  </datafield>
  <datafield tag="044" ind1=" " ind2=" ">
   <subfield code="a">xo</subfield>
   <subfield code="c">SK</subfield>
  </datafield>
  <datafield tag="080" ind1=" " ind2=" ">
   <subfield code="a">71</subfield>
   <subfield code="2">1981</subfield>
  </datafield>
  <datafield tag="080" ind1=" " ind2=" ">
   <subfield code="a">90</subfield>
   <subfield code="2">1981</subfield>
  </datafield>
  <datafield tag="090" ind1=" " ind2=" ">
   <subfield code="a">IV 160746</subfield>
  </datafield>
  <datafield tag="100" ind1="1" ind2=" ">
   <subfield code="a">Labuda, Jozef</subfield>
   <subfield code="4">com</subfield>
  </datafield>
  <datafield tag="245" ind1="1" ind2="0">
   <subfield code="a">Technická keramika z archeologického výskumu Komorovského dvora v Banskej Štiavnici</subfield>
   <subfield code="c">Labuda Jozef,</subfield>
  </datafield>
  <datafield tag="260" ind1=" " ind2=" ">
   <subfield code="a">Martin :</subfield>
   <subfield code="b">Osveta,</subfield>
   <subfield code="c">1991</subfield>
  </datafield>
  <datafield tag="300" ind1=" " ind2=" ">
   <subfield code="b">Obr. 6,</subfield>
  </datafield>
  <datafield tag="500" ind1=" " ind2=" ">
   <subfield code="a">Banská Štiavnica, 1991,</subfield>
  </datafield>
  <datafield tag="504" ind1=" " ind2=" ">
   <subfield code="a">Res. angl., nem., lit. 30 zázn.</subfield>
  </datafield>
  <datafield tag="650" ind1="0" ind2="4">
   <subfield code="a">Mestská pamiatková rezervácia</subfield>
  </datafield>
  <datafield tag="650" ind1="0" ind2="4">
   <subfield code="a">výskumy banské</subfield>
   <subfield code="x">štúdie</subfield>
  </datafield>
  <datafield tag="773" ind1="0" ind2=" ">
   <subfield code="t">Zborník Banského múzea</subfield>
   <subfield code="z">80-217-0376-8</subfield>
   <subfield code="g">S. 217 - 241</subfield>
  </datafield>
  <datafield tag="957" ind1=" " ind2=" ">
   <subfield code="a">Banská Štiavnica</subfield>
  </datafield>
  <datafield tag="958" ind1=" " ind2=" ">
   <subfield code="a">NP</subfield>
  </datafield>
  <datafield tag="958" ind1=" " ind2=" ">
   <subfield code="a">ZB</subfield>
  </datafield>
  <datafield tag="974" ind1=" " ind2=" ">
   <subfield code="d">940912</subfield>
   <subfield code="a">KKá</subfield>
  </datafield>
  <datafield tag="992" ind1=" " ind2=" ">
   <subfield code="a">RZB</subfield>
  </datafield>
  <datafield tag="BAS" ind1=" " ind2=" "/>
  <datafield tag="852" ind1=" " ind2=" ">
   <subfield code="a">SVKKK</subfield>
   <subfield code="b">BIB</subfield>
  </datafield>
  <datafield tag="998" ind1=" " ind2=" ">
   <subfield code="a">BAN</subfield>
  </datafield>
 </record>
</collection>
